[Event "Santo Antonio 4th"]
[Site "Santo Antonio"]
[Date "2001.05.20"]
[Round "2"]
[White "Galego, Luis"]
[Black "Yakovich, Yuri"]
[Result "1/2-1/2"]
[WhiteElo "2429"]
[BlackElo "2577"]
[Annotator "Gershon,A"]
[PlyCount "55"]
[EventDate "2001.05.19"]
[EventType "tourn"]
[EventRounds "9"]
[EventCountry "POR"]
[EventCategory "9"]
[SourceTitle "CBM 084"]
[Source "ChessBase"]
[SourceDate "2001.09.13"]
[SourceVersion "1"]
[SourceVersionDate "2001.09.13"]
[SourceQuality "1"]

{[%mdl 32768]} 1. e4 c5 2. Nf3 Nc6 3. Bb5 g6 4. O-O Bg7 5. Re1 Nf6 6. e5 Nd5 7.
Nc3 Nc7 8. a4 {a very rare move, and , to be honest, I don't see how it helps
white, since two moves later they take on c6 anyway.} ({the main line here is:
} 8. Bxc6 dxc6 9. Ne4 Ne6 10. d3 O-O 11. Be3 b6 12. Qd2 f5 (12... Re8 13. Bh6
Bh8 14. c3 Ba6 15. Rad1 Qd7 16. b3 Rad8 17. c4 Bc8 18. h3 Qc7 19. Ng3 Nd4 20.
Nxd4 Rxd4 21. Qe3 a5 22. f4 Bg7 23. Bxg7 Kxg7 24. Ne2 Rdd8 25. Rf1 f6 $11 {
1/2-1/2 Breyther,R-Tseitlin,M/Budapest 1996/CBM 52 ext (44)}) 13. exf6 exf6 14.
Bh6 a5 (14... Qd6 15. Bxg7 Kxg7 16. a4 a5 17. Rad1 Ba6 18. d4 Rad8 19. dxc5
Qxd2 20. Rxd2 Rxd2 21. Nfxd2 {1/2-1/2 Peng Xiaomin-Bu Xiangzhi/Qingdao 1999/
CBM 74 (21)}) 15. Bxg7 Kxg7 16. Ng3 (16. Qc3 {1/2-1/2 Lutz,C-Khalifman,A/New
Delhi/Theran 2000/CBM 80 (33)}) (16. Re2 Ra7 17. Rae1 Raf7 18. h4 h5 19. b3 Qc7
20. Ng3 Nd4 21. Nxd4 cxd4 22. c3 Rd8 23. Re4 dxc3 24. Qxc3 c5 25. Ne2 Bf5 26.
Nf4 Qd7 27. Ne6+ Bxe6 28. Rxe6 Qxd3 29. Qxd3 {1/2-1/2 Kramnik,V-Kasparov,G/
Moscow 1996/CBM 52 ext (29)}) (16. a3 a4 17. Re2 Ra7 18. Rae1 g5 $6 19. Ng3 Nf4
20. Re4 Kg8 21. h4 $1 h6 22. Rxf4 $1 gxf4 23. Qxf4 Re7 24. Rf1 Qc7 25. Qxh6 Rh7
26. Qg6+ Rg7 27. Qe4 $16 {1/2-1/2 Karasev,V-Vasiukov,E/St Petersburg 1996/CBM
52 (60)}) 16... Ra7 17. Re4 (17. h4 h5 18. Re4 Nd4 19. Nxd4 cxd4 20. Qf4 c5 21.
Rae1 {The moves h4 -h5 don't make much diffference.}) 17... Nd4 18. Nxd4 cxd4
19. Qf4 (19. Rh4 Re8 20. Qh6+ Kg8 $15 {white pieces are a bit stuck on the
king side which makes the position even slightly preferrable for black.}) 19...
c5 20. Rae1 Raf7 21. h4 Qc7 (21... h5) 22. Qxc7 (22. Qd2 $5 f5 (22... Bb7 23.
R4e2 Qc6 24. f4 $36) 23. Re8 (23. Re5 f4 24. Nf1 f3 25. g3 Qd7 $19) (23. Rf4
Re7 $15) 23... f4 24. Rxf8 Rxf8 25. Ne4 f3 26. g3 Qd7 27. Ng5 Kh8 (27... Rf6
28. Re5 $16) 28. Re6 Qc7 (28... h6 $4 29. Rxg6 Qf5 30. Rxh6+ $18) 29. Re4 $14)
22... Rxc7 {1/2-1/2 Timman,J-Lautier,J/Pamplona 1999/CBM 75/[Gershon] (30)})
8... O-O (8... Nd4 9. d3 O-O 10. Bc4 b6 11. Nxd4 cxd4 12. Nb5 Nxb5 13. axb5 Qc7
14. Bg5 e6 15. Qf3 Bb7 16. Qg3 Bd5 17. Be7 Bxc4 (17... Rfe8 18. Bd6 Qb7 19. Ra4
$16) 18. Bxf8 Bxf8 19. dxc4 Qxc4 20. Qd3 Qb4 21. c3 dxc3 22. bxc3 $18 {0-1
Balinas,R-Gurevich,D/Las Vegas 1996/EXT 2001 (38)}) 9. d3 b6 10. Bxc6 dxc6 11.
h3 Ne6 (11... Be6 12. Qe2 Qd7 13. Bd2 Bd5 14. Ne4 Ne6 15. Qe3 f5 16. exf6 exf6
17. Nc3 Rae8 $15 {1/2-1/2 Ljubojevic,L-Hendriks,W/Holland 1996/EXT 2000 (47)})
12. a5 Bd7 13. Ne4 f5 14. exf6 exf6 $11 15. c3 Qc7 {black is extremely solid
in all lines here} 16. Qb3 Kh8 17. Bd2 Rab8 ({I believe black could try for
more here.As an option to play for a win black might consider:} 17... Rae8 $142
$5 18. axb6 axb6 19. Ra6 f5 20. Ng3 (20. Neg5 Nxg5 21. Nxg5 Rxe1+ 22. Bxe1 h6
23. Nf3 b5 $15) 20... b5 21. Qa2 Qd6 {[%csl Rd3]}) 18. axb6 axb6 19. Ra3 h6 20.
Qa2 Rb7 21. Ng3 Re8 22. d4 (22. Ra8 Rbb8 23. Ra7 Rb7 $11) 22... cxd4 23. cxd4
Nf8 {now the game ends by repetition} (23... f5 24. Ne5 Kh7 25. Bc3 $11) 24.
Rxe8 Bxe8 25. Ra8 Rb8 26. Ra7 Rb7 27. Ra8 Rb8 28. Ra7 1/2-1/2

[Event "Tan Chin Nam Cup 5th"]
[Site "Shenyang"]
[Date "1999.07.08"]
[Round "1"]
[White "Peng, Xiaomin"]
[Black "Bu, Xiangzhi"]
[Result "1-0"]
[WhiteElo "2574"]
[BlackElo "2465"]
[Annotator "Gershon,A"]
[PlyCount "119"]
[EventDate "1999.07.08"]
[EventType "tourn"]
[EventRounds "9"]
[EventCountry "CHN"]
[EventCategory "13"]
[SourceTitle "CBM 073"]
[Source "ChessBase"]
[SourceDate "1999.12.01"]
[SourceVersion "1"]
[SourceVersionDate "1999.12.01"]
[SourceQuality "1"]

1. e4 {Hecht} c5 2. Nf3 Nc6 3. Bb5 g6 4. O-O Bg7 5. Nc3 Nf6 6. Re1 O-O 7. e5
Ne8 8. Bxc6 dxc6 9. d3 (9. Ne4 b6 10. h3 Nc7 11. d3 Ne6 12. Bd2 Qc7 13. Qc1
Bxe5 14. Nxe5 Qxe5 15. b4 cxb4 16. Bxb4 Qc7 17. Ng5 c5 18. Nxe6 fxe6 19. Bc3
Qf4 20. Qxf4 Rxf4 21. a4 Bd7 22. a5 Ra4 $15 {1/2-1/2 Tseshkovsky,V-Zezulkin,J/
Koszalin 1997/CBM 59 ext (47)}) 9... Nc7 (9... Bg4 10. h3 Bxf3 11. Qxf3 Nc7 12.
Re4 Ne6 13. Ne2 Qd5 14. Qg3 f5 15. exf6 exf6 16. Nf4 Nxf4 17. Bxf4 Rfe8 18. Qe3
Kf7 19. Re1 Rxe4 20. dxe4 Qc4 21. c3 Qxa2 22. Qxc5 Rd8 $11 {1/2-1/2 Galego,
L-Sutovskij,E/Benasque 1996/CBM 53 ext (34)}) 10. Be3 $146 (10. h3 Ne6 (10...
Be6 11. Bg5 Re8 12. Qc1 Bd5 13. Ne4 Ne6 14. Bh6 f5 15. exf6 exf6 16. Bxg7 Kxg7
17. Qd2 Nd4 18. Nh2 Bxe4 19. dxe4 Ne6 20. Qe3 $14 {1-0 Grischuk,A-Handke,F/
Biel SUI 1999 (35)}) 11. a4 a5 12. Ne4 (12. b3 b6 13. Ne4 f5 14. exf6 exf6 15.
Bb2 Re8 16. Ng3 Ra7 17. Qd2 Rae7 18. c4 Qc7 19. Rad1 Rd8 20. Qc1 Kf7 21. Qa1 h6
22. Ne4 Qf4 23. Re3 $16 {1-0 Gdanski,J-Izbinski,B/Krynica 1997/CBM 61 ext (46)}
) 12... f6 13. exf6 exf6 14. Bd2 b6 15. Bc3 Ra7 16. Ned2 Re7 17. Nc4 Rfe8 18.
Ra3 Nf4 19. Rxe7 Rxe7 20. Rb3 Be6 $15 {1/2-1/2 Tarasov,I-Nadyrhanov,S/Smolensk
1997/CBM 58 ext (29)}) 10... b6 11. h3 {[%cal Gd1d2]} (11. Qd2 $2 Bg4 {[%csl
Ge5]}) 11... h6 12. a4 {[%cal Ga4a5]} a5 13. Ne4 Nd5 14. Bd2 Kh7 15. Ng3 f5 16.
Qe2 (16. exf6 $6 exf6 $11 {[%cal Ga8a7,Ga7e7,Gf6f5,Gg7b2] The more white opens
up the position the better it is for black, since he has space problems the
more the position opens the better felt will the bishop pair become}) 16... Qe8
17. Rad1 f4 18. Ne4 g5 (18... Bf5 $2 {[%csl Gf4]} 19. c4 Nc7 20. Bxf4 Bxh3 21.
Nfg5+ hxg5 22. Nxg5+ Kg8 23. Nxh3 $16) 19. c4 Nc7 20. Bc3 Ne6 ({also possible
was} 20... Bf5 21. d4 cxd4 22. Nxd4 Bg6 $11 (22... Bxe5 $4 23. Nxg5+ hxg5 24.
Qxe5 $18 {[%csl Gc7,Gf5]})) 21. d4 cxd4 22. Nxd4 Nxd4 23. Bxd4 c5 24. Bc3 f3 $2
{This pawn will soon become a real weakness.} ({better was:} 24... Bf5 $11 {
[%cal Ge8c6,Ga8d8]}) 25. Qd3 Qg6 (25... fxg2 $4 26. Nf6+ Kh8 27. Qh7#) (25...
Bf5 26. Qxf3 $16) 26. g4 Bb7 27. Ng3 $1 {With the queens off the board the
pawn on f3 will become a weakness rather than a strong pawn} ({An interesting 
(but probably not the best) possibility was suggested by a friend of mine - Mr.
Fritz Five:} 27. Nf6+ $5 exf6 28. exf6 Qxd3 (28... Bxf6 29. Bxf6 Rxf6 30. Re7+
Kh8 31. Qxg6 Rxg6 32. Rxb7 $16 {[%cal Gd1d7,Gg1h2,Gh2g3]}) 29. Rxd3 Bxf6 30.
Rd7+ Kg6 31. Rxb7 (31. Bxf6 Bc8 $19) 31... Bxc3 32. bxc3 Rf6 33. Ree7 Rg8 34.
Kh2 h5 35. gxh5+ Kxh5 36. Kg3 $14) 27... Qxd3 28. Rxd3 Bc6 29. Nf5 Rfe8 (29...
e6 $2 30. Nxg7 Kxg7 31. Rd6 Bxa4 32. Rxe6 $16 {[%csl Yb6][%cal Ge6e7,Ge5e6,
Yc3g7] The opposite colored bishops are in favour of the attacking player
since he has no opponent for his bishop}) (29... Bxa4 30. Nxe7 Rae8 31. Nf5 $16
{[%csl Gf3][%cal Ge5e8]}) 30. b3 e6 31. Ng3 Bf8 (31... Rad8 32. Red1 {[%csl
Gd6]} Rxd3 33. Rxd3 Bf8 34. Nf1 Be4 35. Rd7+ Be7 36. Nd2 $18 {[%cal Gg1h2,
Gh2g3]}) 32. Ne4 Bxe4 33. Rxe4 Rad8 34. Rxf3 {Now begins the purely technical
part of the game which white plays very carefully} Be7 (34... Rd1+ 35. Re1
Rxe1+ 36. Bxe1 Be7 {is similar to the game}) 35. Kf1 Rf8 36. Rxf8 Rxf8 37. Ke2
{Now white should create a passed pawn on the king side which will decide, but
he does it very slowly, not in hurry to finish the game.} Kg6 38. Re3 {[%cal
Ge3g3,Gg3g1,Gg1d1,Ge3d3]} Kg7 39. Rg3 Kg6 40. Rg1 Kg7 (40... Rf4 41. Bd2 Re4+
$4 42. Be3 Rxe5 43. Kd3 {[%cal Gf2f4,Ge3d2,Gd2c3]}) 41. Bd2 Kg6 42. Be3 Kg7 43.
Kd3 Rd8+ 44. Ke4 {White has maximally activated his pieces.} Rf8 45. Rd1 Rd8
46. Rh1 (46. Rxd8 {-game}) 46... Kf7 47. f3 (47. f4 gxf4 48. Bxf4 Rd4+ 49. Ke3
Kg6 {Is also winning but white wants the win with as little difficulties as
possible}) 47... Rh8 48. Rd1 Rd8 49. Rf1 Rh8 50. Rd1 Rd8 $6 (50... Ke8 {
would put more resistance} 51. f4 gxf4 52. Bxf4 {[%csl Rd7,Rh6] exlpoiting the
dissharmony in black forces} h5 53. Rg1 $16 (53. g5 $2 Rg8 54. h4 (54. Rg1 Kf7
{white cannot get his king to h4 because of the g5 weakness}) 54... Rg7 55. Rd6
{the only way to try and break through} Bxd6 56. exd6 Rd7 (56... Kd7 57. Ke5
Rg8 58. Bh2 $1 {[%cal Ge5f6,Gg5g7]} Rf8 59. g6 Rf2 60. Bf4 $18) 57. Ke5 Rf7 (
57... Kf7 58. g6+ Kxg6 59. Kxe6 $18) 58. g6 Rf5+ 59. Ke4 Rf6 $1 60. g7 Rg6 61.
Be5 Kd7 62. Kf3 Ke8 $11)) 51. Rxd8 Bxd8 {Hecht: Die Frage lautet, ob der weiße
Mehrbauer durch Festungsbau entschärft werden kann, denn allein am
Königsflügel ist noch etwas zu machen. '} 52. h4 Be7 (52... gxh4 53. Bxh6 $18 {
[%cal Gf3f5] as if the extra pawn was not enough all black pawns are placed on
the dark squares} (53. Bxh6 {Hecht} h3 54. Bf4 Bg5 55. Bh2 Kg6 56. f4 Bh4 57.
Kf3 {Plant die Eroberung von h3 bzw. die Überführung des Läufers zum
Damenflügel, um dort Beute zu machen, während der König im Quadrat des
h-Bauern bleibt.} (57. f5+ $5 Kg5 58. fxe6 Kxg4 59. Kd5 Kf3 60. e7 (60. Kd6 Kg2
61. Bf4 Kf3 $11) 60... Bxe7 61. e6 Kg4 62. Kc6 Kf5 63. Kd7 Kf6 $11 {sieht
zumindest nach Remis aus.}) 57... Be1 58. Bg3 Bc3 (58... Bd2 59. Kf2 {[%csl
Rh3][%cal Yf2g1,Yg1h2]}) 59. Bh4 Bd2 60. Bg5 Be1 61. Bd8 Bd2 62. Bxb6 Bxf4 63.
Bxa5 Bxe5 64. Bb6 $18 {[%cal Ra4a5,Ra5a6,Ra6a7]})) 53. hxg5 hxg5 (53... Bxg5 {
Hecht} 54. Bxg5 hxg5 55. f4 Kg6 56. Kf3 $1 (56. f5+ Kf7 57. Kf3 Ke7 $11 {
Festung}) 56... gxf4 57. Kxf4 Kh6 58. Kf3 Kg6 59. Kg2 $1 Kh6 60. Kh3 Kg5 61.
Kg3 Kh6 62. Kh4 Kg6 63. g5 Kf5 64. Kh5 Kxe5 65. g6 $18) 54. f4 gxf4 55. Bxf4
Kg6 56. Kf3 Bd8 57. Kg3 Bc7 (57... Be7 58. Kh3 Bd8 59. Bg3 {game}) 58. Kh3 Bb8
59. Bg3 Bc7 (59... Kg5 60. Bh4+ Kf4 61. Bd8 Kxe5 62. Bxb6 $18) 60. Bh4 (60. Bh4
Bxe5 (60... Kh6 61. Bf6 Kg6 62. Kh4 Kh6 63. g5+ Kg6 64. Kg4 Bb8 65. Bd8 Ba7 66.
Bc7 $22) 61. Bd8 {is hopeless} (61. Bd8 {Hecht,HJ} Bc3 62. Bxb6 Bb4 63. Kg3 Kg7
64. Kf4 Kf6 65. Ke4 Kg5 66. Ke5 Kxg4 67. Kxe6 Kf4 68. Kd5 $18)) 1-0

[Event "Julian Borowski-B 2nd"]
[Site "Essen"]
[Date "2000.04.30"]
[Round "4"]
[White "Seul, Georg"]
[Black "Van der Weide, Karel"]
[Result "1-0"]
[WhiteElo "2436"]
[BlackElo "2452"]
[Annotator "Gershon,A"]
[PlyCount "69"]
[EventDate "2000.04.27"]
[EventType "tourn"]
[EventRounds "9"]
[EventCountry "GER"]
[EventCategory "10"]
[SourceTitle "CBM 077"]
[Source "ChessBase"]
[SourceDate "2000.07.27"]
[SourceVersion "1"]
[SourceVersionDate "2000.07.27"]
[SourceQuality "1"]

1. e4 c5 2. Nf3 Nc6 3. Bb5 g6 4. Bxc6 dxc6 5. d3 Bg7 6. h3 e5 7. Be3 Qe7 8.
Nbd2 {If one wants to play this position it's advisable to study Sutovsky's
games with both colors (although he's much more successful with white). In
fact, white's statistics in whole are very impressive here: +10 -1 with a few
draws (the only win with black belongs, of course to.... Sutovsky)} (8. a4 Nf6
(8... a5 9. Na3 b6 10. Nc4 Rb8 11. Qd2 Ba6 $2 12. Nxb6 $1 Rxb6 13. Qxa5 Qb7 14.
b3 Bxd3 15. cxd3 Rxb3 16. Nd2 Rxd3 17. Rb1 Qc8 18. Nc4 Nf6 19. Bxc5 $18 {
[%cal Ga5a7] 1-0 Tseitlin,M-Kiroski,T/Baile Herculane 1994/EXT 97 (28)}) 9. Nc3
(9. Nbd2 O-O 10. Nc4 Ne8 11. Qd2 Nc7 12. O-O f6 13. Kh1 Ne6 14. Ng1 Bd7 15. Ne2
Nd4 16. Nc3 Be6 17. b3 $11 {1/2-1/2 Magem Badals,J-Ayas,A/Manresa 1996/EXT 98 
(54)}) (9. Na3 Nh5 10. Qd2 (10. g3 $142) 10... Nf4 11. Bxf4 exf4 12. O-O-O g5
13. Rde1 Be6 14. h4 h6 15. hxg5 hxg5 16. Rxh8+ Bxh8 17. Rh1 O-O-O 18. Qe1 g4
$17 {0-1 Krays,A-Sutovskij,E/Groningen 1994/CBM 45 ext (32)}) 9... b6 10. a5 b5
11. Nd2 Be6 12. O-O O-O 13. Qe1 Rad8 14. f3 Nd7 15. Qf2 Bf6 16. Ne2 a6 17. Kh2
Rb8 18. g3 c4 19. d4 b4 20. dxe5 Bxe5 21. Nd4 $14 {1-0 Lakos,N-Ciuksyte,D/
Wuppertal 1998/EXT 99 (32)}) 8... f6 (8... Be6 9. O-O Nh6 10. c3 Qd6 11. Nc4
Bxc4 12. dxc4 Qe7 13. Qa4 O-O 14. b4 cxb4 15. cxb4 Qe6 16. b5 f5 17. bxc6 bxc6
18. Rfd1 Nf7 19. Rab1 Rfd8 20. Rxd8+ Rxd8 21. Qxa7 Qxc4 22. Rb8 Bf6 23. Rxd8+
Bxd8 24. Qd7 $1 $16 {[%cal Ge3h6] 1-0 Grosar,A-Sutovskij,E/Portoroz 1997/EXT
99/ (30)}) (8... Nf6 9. Nc4 Nd7 10. O-O O-O 11. Qd2 Rd8 12. a3 b6 13. b4 Ba6
14. Qc3 f6 15. Rfe1 Bf8 16. Nfd2 Kh8 17. Rab1 $11 {1-0 Sutovsky,E-Chandler,M/
Hastings ENG 2000/The Week in Chess 271 (42)}) 9. a4 (9. Nc4 Be6 10. Qd2 Bxc4
11. dxc4 b6 12. O-O-O Rd8 13. Qc3 Nh6 14. Rxd8+ Qxd8 15. h4 Qd7 16. Rd1 Qc7 17.
h5 g5 18. a3 Nf7 19. b4 cxb4 20. axb4 O-O 21. c5 $14 {[%csl Rg7] 1-0 Sutovskij,
E-Daels,M/Portoroz 1997/EXT 99 (34)}) 9... Be6 10. c3 {In this game white goes
for a break in the center rather than a Q side play as can be seen if many
other occasions. (especially given that white has already played a4} (10. O-O
Nh6 11. c3 O-O 12. d4 cxd4 13. cxd4 Nf7 14. dxe5 fxe5 15. Qc2 Rfd8 16. Rfd1 Qc7
17. Ng5 Nxg5 18. Bxg5 Rd7 19. Nf3 h6 20. Rxd7 Qxd7 21. Bh4 Re8 22. Bg3 $14 {
Zagrebelny,S-Ikonnikov,V/Azov 1991/CBM 25/1/2-1/2 (37)}) 10... Nh6 11. d4 cxd4
12. cxd4 Nf7 $2 (12... exd4 $142 13. Nxd4 Bf7 {[%csl Rh6]} 14. Qc1 O-O 15. O-O
{[%cal Gd2b3]} (15. N2f3 Qxe4 {[%cal Gh6f5]}) 15... Rfe8 16. N2f3 Qf8 17. Qc2
$13) 13. dxe5 fxe5 {[%csl Re5,Rg7]} 14. Qc2 {/\ 0-0, Rfc1,Rab1, b2-b4-b5 With
no hope for openning the long diagonal for his bishop black has to simply wait
till white organizes the Q side assault.} Qc7 $6 {black will have no chances
if he just sits and waits for white to do something, he must get counterplay.
He was probably fearing to get the good N vs bad B positon} (14... O-O 15. Bc5
(15. O-O Qf6 {[%cal Gg6g5]}) 15... Nd6 16. Nc4 Bxc4 17. Bxd6 Qxd6 18. Qxc4+ Kh8
19. Rd1 $16 {[%csl Gf3,Rg7] However, black has his chances here: the open 'f'
file along with advansing the K side pawns might give him the necessary
counterplay.}) 15. O-O O-O 16. b4 Rfc8 17. Rfc1 Qe7 {[%csl Rb4][%cal Gc8c2]}
18. Qb2 g5 19. Nf1 {[%cal Gf1g3,Yg3f5,Yg3h5]} h5 20. N3h2 Qf6 (20... g4 21.
hxg4 hxg4 22. Ng3 $16 {[%cal Gb2e2,Gg3f5]}) 21. Qe2 Qg6 22. b5 {White has
already opened the game on the Q side while black is not even close to getting
anything real} cxb5 23. axb5 Nh6 (23... Rxc1 24. Rxc1 g4 25. hxg4 hxg4 26. Rc7
$16) 24. Rxc8+ Rxc8 25. Rxa7 g4 26. hxg4 hxg4 27. Ng3 $18 Bf6 28. Nf5 $4 (28.
Rxb7 $142 {with an easy win} Bg5 29. Bxg5 Qxg5 30. b6 $18) 28... Nxf5 29. exf5
Qxf5 30. Rxb7 $2 (30. Nf1 Bc4 31. Qd1 $15) 30... Qe4 $1 {[%cal Gc8c1,Ge6d5]}
31. Nxg4 Bxg4 (31... Qxb7 32. Nxf6+ Kg7 33. Bg5 {[%cal Ge2h5]} Qf7 34. Qxe5 $18
) (31... Qxg4 32. Qxg4+ Bxg4) 32. Qa2+ Kh8 $4 (32... Qc4 33. Qxc4+ Rxc4 $17)
33. Qf7 Qb1+ 34. Kh2 Qf5 35. Bg5 $1 $18 1-0

[Event "Olympiad-34"]
[Site "Istanbul"]
[Date "2000.11.09"]
[Round "12.2"]
[White "Smirin, Ilia"]
[Black "Rogozenco, Dorian"]
[Result "1-0"]
[WhiteElo "2677"]
[BlackElo "2531"]
[Annotator "Gershon,A"]
[PlyCount "69"]
[EventDate "2000.10.28"]
[EventType "team-swiss"]
[EventRounds "14"]
[EventCountry "TUR"]
[SourceTitle "EXT 2001"]
[Source "ChessBase"]
[SourceDate "2000.11.22"]
[SourceVersion "1"]
[SourceVersionDate "2000.11.22"]
[SourceQuality "1"]
[WhiteTeam "Israel"]
[BlackTeam "Romania"]
[WhiteTeamCountry "ISR"]
[BlackTeamCountry "ROU"]

1. e4 c5 2. Nf3 Nc6 3. Bb5 g6 4. c3 Nf6 5. Qe2 Bg7 6. O-O O-O 7. Rd1 a6 (7...
d5 8. e5 Ne8 9. d4 cxd4 10. cxd4 Qb6 (10... Nc7 11. Bxc6 bxc6 12. h3 a5 13. Nc3
a4 14. Re1 Ne6 $11 {1/2-1/2 De la Riva Aguado,O-Nataf,I/FRA 1999/EXT 2000 (14)}
) 11. h3 Nc7 12. Ba4 Qa6 13. Qxa6 Nxa6 14. Nc3 Nc7 15. Bxc6 bxc6 16. b3 f6 17.
Be3 fxe5 18. Nxe5 Bxe5 19. dxe5 Ne6 20. Ne2 a5 21. Rac1 $16 {1-0 Bratanov,
Z-Kukovec,B/Nova Gorica SLO 2000 (41)}) (7... Qc7 8. Ba4 e5 9. d3 d6 10. Bb3
Bd7 11. Nbd2 h6 12. Nf1 Nh5 13. Be3 Rae8 14. Ng3 Nf6 15. a3 b6 16. Ba2 Kh7 17.
h3 Be6 18. b4 cxb4 $6 19. Bxe6 Rxe6 20. axb4 $14 {1-0 Van den Doel,E-Donaldson,
J/Wrexham 1997/CBM 60 ext (78)}) (7... Qb6 8. Na3 a6 9. Ba4 Qc7 10. d4 b5 11.
Bc2 d6 12. h3 Nh5 13. Be3 Na5 14. Rac1 e5 15. Nh2 Nf4 $6 16. Bxf4 exf4 17. Qf3
g5 $2 18. Qh5 h6 19. Ng4 $16 {1/2-1/2 Hallerova,E-Novacek,K/Plzen 1998/EXT
2000 (27)}) (7... e5 8. Bxc6 dxc6 9. Nxe5 $2 Re8 10. d4 cxd4 11. cxd4 Nxe4 12.
Be3 Qe7 13. Nf3 Bg4 14. h3 Ng3 15. fxg3 Bxf3 16. gxf3 Qxe3+ 17. Qxe3 Rxe3 18.
Kf2 Re7 19. Nc3 Rd8 $17 {[#]. 0-1 Dueckstein,A-Wells,P/Vienna 1998/EXT 2000 
(19)}) 8. Bxc6 dxc6 9. h3 Qc7 10. d4 cxd4 11. cxd4 c5 $146 (11... Rd8 12. Nc3
Qa5 13. Bd2 Qh5 14. Rac1 Be6 15. e5 Nd7 16. Ne4 Bd5 17. Rc3 Bxe4 18. Qxe4 Qf5
19. Qxf5 gxf5 20. Rb3 $11 {1/2-1/2 Stavrev,N-Alexandrov,V/Dupnica 1998/EXT 99 
(51)}) 12. d5 {[%cal Gg7a1]} Nd7 (12... b5 13. e5 Nd7 14. d6 exd6 15. exd6 Qd8
16. Bg5 $36 {[%cal Gb1c3,Gc3d5]}) 13. a4 $1 b6 14. Na3 Bb7 15. Bg5 Ne5 (15...
Rfe8 $142 $5 16. Bxe7 Qf4 17. g3 (17. d6 Bxe4 $17) 17... Qh6 18. d6 Qxh3 (18...
Bf8) 19. Ng5 Qh5 $8 (19... Qh6 20. Nxf7 $1 Kxf7 21. Qc4+) 20. g4 (20. Qxh5 gxh5
$17 {[%csl Rb2,Re4][%cal Yh7h6]}) 20... Qh4 {[%cal Gg7f6]} 21. Ne6 Bf6 22. Nc7
Bxe7 23. Nxe8 Rxe8 24. dxe7 Rxe7 25. f3 $8 Ne5 $44) 16. Bf4 Nxf3+ 17. Qxf3 e5
18. Bd2 $16 {[%csl Rb7,Rg7]} f5 19. Nc4 Kh8 $2 (19... b5 $142 20. Na5 Rad8 (
20... Bc8 21. Rac1 $16 (21. Nc6 Bb7)) 21. Nxb7 Qxb7 22. axb5 axb5 23. Be3 Rc8
24. Ra5 $1 $16) 20. Qb3 fxe4 (20... b5 21. axb5 axb5 22. Qxb5 fxe4 23. Rxa8
Rxa8 24. Ba5 $18) 21. Nxb6 Rad8 (21... Rab8 22. Be3 Rfd8 23. Rac1 Bf8 24. a5
$16) 22. Be3 Bf6 23. Rac1 Be7 24. a5 $18 {[%csl Ra6,Rc5,Re4,Re5] All of a
sudden black is helpless, all his pawns begin to fall} Rf5 25. Qc4 Rdf8 (25...
Qd6 26. Qxe4 $18 {[%cal Ge3c5]}) 26. b4 Bh4 27. Rc2 Qf7 28. Qxc5 Bg5 29. d6 Bd8
30. d7 g5 31. Qd6 {[%cal Gc2c8]} Be7 32. Qc7 Bd8 (32... Ba8 33. Nxa8 Rxa8 34.
Qc8+ $18) 33. Qxb7 Qh5 34. Rd6 g4 35. Rh6 1-0